1993/94 Premier League Table - Statistics

General Stats
  • This quiz has been taken 7 times
  • The average score is 17 of 22
Answer Stats
PTS W D L Club % Correct
92 27 11 4 Manchester United
100%
71 18 17 7 Arsenal
86%
57 15 12 16 Aston Villa
86%
84 25 9 8 Blackburn Rovers
86%
51 13 12 17 Chelsea
86%
70 18 16 8 Leeds United
86%
60 17 9 16 Liverpool
86%
45 9 18 15 Manchester City
86%
60 16 12 14 Queens Park Rangers
86%
64 16 16 10 Sheffield Wednesday
86%
45 11 12 19 Tottenham Hotspur
86%
44 12 8 22 Everton
71%
77 23 8 11 Newcastle United
71%
53 12 17 13 Norwich City
71%
42 8 18 16 Sheffield United
71%
43 12 7 23 Southampton
71%
30 5 15 22 Swindon Town
71%
52 13 13 16 West Ham United
71%
65 18 11 13 Wimbledon
71%
56 14 14 14 Coventry City
57%
43 9 16 17 Ipswich Town
57%
40 9 13 20 Oldham Athletic
57%
No matching quizzes found
Score Distribution
Percent of People with Each Score
Percentile by Number Answered
Your Score History
You have not taken this quiz